Středověké důlní dílo v lese 'Stříbrná díra' na Kamenné hoře u Nectavy
| Titel: | Středověké důlní dílo v lese 'Stříbrná díra' na Kamenné hoře u Nectavy |
|---|---|
| Verfasser: | |
| Beteiligt: | |
| In: |
Pravěk, Band 13 (2003), Seite 429-433, 2 obr. alle Artikel anzeigen |
| Veröffentlicht: | 2003 [2005] |
| Format: | Aufsatz |
| Sprache: | Tschechisch |
X
alg: 39160541
001A $01999:11-11-16
001B $01999:28-04-17 $t14:24:44.000
001C $06050:19-11-16 $t08:53:06.000
001D $01999:11-11-16
001U $0utf8
001X $00
002@ $0Aox
003@ $0391605410
007A $0391605410 $aHEB
007T $0Herd73168
010@ $acze
011@ $a2003 $n2003 [2005]
021A $aStředověké důlní dílo v lese 'Stříbrná díra' na Kamenné hoře u Nectavy
028A $aKejzlar $dJiří
028B/01 $aKejzlar $dMartin
031A $d13 $h429-433, 2 obr. $j2003
037A $aněm. res. 433: Mittelalterlicher Grubenbau im Wald 'Stříbrná díra' auf Kammenná Hora (Steinberg) bei Nectava
039B $aIn $8--Abvc--. Pravěk. - Brno {[u.a.] : Ústav Archeologické Památkové Péče Brno, 1903-. - ISSN 1211-8338 $x200300000130000571 $9047306319
045T $a6,11 $a6,12
lok: 39160541 78
exp: 39160541 78 1 #EPN
201B/01 $005-09-18 $t23:03:48.000
201U/01 $0utf8
203@/01 $0787699756
208@/01 $a11-11-16 $be
209A/01 $a/ $f000 $x00
220C/01 $aTitelaufnehmer: rk;kh
244Z/01 $#Tschechien $#Tschechische Republik $#Tschechische Republik $#Tschechenland $#Tschechei Tschechien $#Česká Republika $#Czech Republic $#ČR $74303381-7 $8--Tg1--Tschechien $x01 $9086659812
244Z/01 $2Trx $#Böhmen $#Bohemia $#Czechy $8--Trx--Čechy $x02 $9391188941
244Z/01 $#Svitavy Okres $#Bezirk Zwittau $#Zwittau Bezirk $#Kreis Zwittau $74677764-7 $8--Tg1--Okres Svitavy $x03 $9103731466
244Z/01 $2Trx $#arheoloogia keskaeg $#viduramžių archeologija $#archaeology Middle Ages $#régészet középkor $#archeologia średniowieczna $#archeológia stredoveká $#archeologie středověká $#Mittelalterliche Archäologie $8--Trx--Archäologie$gMittelalter $x04 $9391375288
244Z/01 $2Trx $#kaevandused $#kasyklos $#mines $#bányák $#kopalnie $#bane $#doly $#Gruben $8--Trx--Bergwerke $x05 $9391374753
244Z/01 $2Trx $8--Trx--Zeitschriftenaufsatz $x06 $9391384341
245Z/01 $a05.03 $x01
247C/01 $82080>Marburg/Lahn, Herder-Institut, Forschungsbibliothek, Bibliographieportal $9336309341
| LEADER | 00000caa a22000002c 4500 | ||
|---|---|---|---|
| 001 | 391605410 | ||
| 003 | DE-603 | ||
| 005 | 20170428142444.0 | ||
| 007 | tu | ||
| 008 | 161111s2003 xx |||| | u00||u|cze c | ||
| 035 | |a (DE-599)HEB391605410 | ||
| 040 | |a DE-603 |b ger |c DE-603 |d DE-603 | ||
| 041 | |a cze | ||
| 084 | |a 6,11 |a 6,12 |2 ssgn | ||
| 100 | 1 | |a Kejzlar, Jiří | |
| 245 | 0 | 0 | |a Středověké důlní dílo v lese 'Stříbrná díra' na Kamenné hoře u Nectavy |
| 264 | 0 | |c 2003 [2005] | |
| 500 | |a něm. res. 433: Mittelalterlicher Grubenbau im Wald 'Stříbrná díra' auf Kammenná Hora (Steinberg) bei Nectava | ||
| 700 | 1 | |a Kejzlar, Martin | |
| 773 | 0 | 8 | |i In |t Pravěk |d Brno [u.a.] : Ústav Archeologické Památkové Péče Brno, 1903- |x 1211-8338 |g Band 13 (2003), Seite 429-433, 2 obr. |w (DE-603)047306319 |w (DE-600)209024-7 |
| 924 | 0 | |9 2080 |a (DE-603)787699756 |b DE-2080 |c HES |d d |g / | |


